| 000 | 00940cab a2200193 4500 | ||
|---|---|---|---|
| 001 | L129878 | ||
| 008 | 050601n2005 000 0 eng u | ||
| 035 | _a(Sirsi) u129878 | ||
| 041 | _aeng | ||
| 100 | _aTolson, Simon | ||
| 245 | _aResponsibility of construction managers | ||
| 260 | _c2005 | ||
| 490 |
_aBuilding Engineer _v80(5) May 2005, 32-33(2) |
||
| 520 | _aDiscusses the recent case "Great Eastern Hotel Company Ltd v John Laing Construction Ltd" ([2005] EWHC 181 (TCC), L129378) which was probably the first time that a construction manager has been found to be publicly in breach of his obligations and liable to his client. This has clear implications for construction managers, but does not mark the beginning of the end for construction management. | ||
| 590 | _aIKA070605 | ||
| 650 | _aGREAT EASTERN HOTEL COMPANY LTD V JOHN LAING CONSTRUCTION LTD AND ANOTHER | ||
| 690 |
_aConstruction management _96230 |
||
| 942 | _n0 | ||
| 999 |
_c75316 _d75316 |
||